[Event "Oban Open"]
[Site "?"]
[Date "2013.11.15"]
[Round "1"]
[White "Mannion, Stephen"]
[Black "Doyle, James"]
[Result "1-0"]
[WhiteElo "2370"]
[BlackElo "1906"]
[PlyCount "102"]
[EventDate "2013.11.19"]

1. e4 c6 2. d4 d5 3. f3 Qb6 4. Nc3 e6 5. a3 Nd7 6. Nge2 Ne7 7. Na4 Qd8 8. b4
Ng6 9. Ng3 Qh4 10. Nc3 Bd6 11. Nce2 f5 12. e5 Ndxe5 13. dxe5 Bxe5 14. f4 Bxa1
15. Be3 Bf6 16. Qd2 O-O 17. c3 e5 18. fxe5 Nxe5 19. Nd4 Ng4 20. Nf3 Re8 21.
Nxh4 Rxe3+ 22. Kd1 Bxh4 23. Be2 f4 24. Kc1 Bf6 25. Bd3 Ne5 26. Be2 Bd7 27. Nh5
Nc4 28. Bxc4 Rxc3+ 29. Kd1 Bg4+ 30. Be2 Bxh5 31. Bxh5 g6 32. Qxf4 Rf8 33. Bg4
Rxa3 34. Rf1 Ra1+ 35. Kc2 Ra2+ 36. Kb3 Rb2+ 37. Ka3 Rc2 38. Qd6 Rc3+ 39. Ka2
Rc2+ 40. Kb1 Rb2+ 41. Kc1 Bg5+ 42. Kxb2 Rxf1 43. Bf3 Rf2+ 44. Kb3 Rd2 45. Qb8+
Kg7 46. Qxb7+ Kh6 47. Qxc6 Rd3+ 48. Ka4 Bd2 49. Bxd5 Rd4 50. Bc4 Bf4 51. g3 Bg5
1-0

[Event "Oban Open"]
[Site "?"]
[Date "2013.11.15"]
[Round "1"]
[White "Gillies, Alex"]
[Black "Robertson, Ian"]
[Result "1-0"]
[WhiteElo "1904"]
[BlackElo "2149"]
[PlyCount "43"]
[EventDate "2013.11.19"]

1. d4 d5 2. Nf3 Nf6 3. g3 c5 4. Bg2 Nc6 5. c4 dxc4 6. Qa4 Bd7 7. Qxc4 cxd4 8.
Nxd4 Rc8 9. O-O Qb6 10. Nxc6 Bxc6 11. Be3 Qxb2 12. Bd4 Qb5 13. Qxb5 Bxb5 14.
Bxb7 Rc7 15. Bf3 e6 16. a4 Bd7 17. Nc3 Rc4 18. Be5 Bc5 19. Nb5 Ke7 20. Rac1
Rxc1 21. Rxc1 Rc8 22. Rxc5 1-0

[Event "Oban Open"]
[Site "?"]
[Date "2013.11.15"]
[Round "1"]
[White "Oswald, David"]
[Black "Pyrich, George"]
[Result "1-0"]
[WhiteElo "2148"]
[BlackElo "1878"]
[PlyCount "75"]
[EventDate "2013.11.19"]

1. e4 d6 2. d4 Nf6 3. Nc3 g6 4. f3 a6 5. Be3 b5 6. Qd2 Nbd7 7. g4 Nb6 8. g5 Nh5
9. Bd3 Bg7 10. Nge2 e6 11. Ng3 Nxg3 12. hxg3 Qe7 13. O-O-O Bb7 14. Qf2 O-O-O
15. Rh2 Nd7 16. Rdh1 c5 17. Kb1 Kb8 18. Rxh7 Rhg8 19. Re1 Nf8 20. Rh3 cxd4 21.
Bxd4 Qxg5 22. Bxg7 Rxg7 23. a4 b4 24. Qd4 Rh7 25. Rxh7 Nxh7 26. Qxb4 Qc5 27.
Qxc5 dxc5 28. f4 Nf6 29. e5 Nh5 30. Re3 Rh8 31. a5 Rc8 32. b3 Ka7 33. Na4 Bd5
34. Nb6 Rd8 35. Kb2 Bc6 36. Nc4 Bb5 37. Nd6 Bxd3 38. Rxd3 1-0

[Event "Oban Open"]
[Site "?"]
[Date "2013.11.14"]
[Round "1"]
[White "Ridge, Mike"]
[Black "Swan, Iain"]
[Result "0-1"]
[WhiteElo "1900"]
[BlackElo "2145"]
[PlyCount "92"]
[EventDate "2013.11.19"]

1. c4 c5 2. g3 Nf6 3. Bg2 d5 4. cxd5 Nxd5 5. Nc3 Nc7 6. Nf3 Nc6 7. O-O e5 8. a3
Be7 9. b4 f6 10. bxc5 Bxc5 11. Qb3 Rb8 12. Ne4 Be6 13. Qc2 Bd4 14. Rb1 O-O 15.
d3 Nd5 16. Bd2 Qe7 17. e3 Bb6 18. Qa4 Rfd8 19. Rfc1 Rd7 20. d4 Bf5 21. dxe5
Nxe5 22. Nh4 Be6 23. Rc2 Rbd8 24. Rbc1 g5 25. Nf3 Bf5 26. Nd4 Bxd4 27. exd4 Nd3
28. Nc5 Nxc1 29. Nxd7 Bxc2 30. Bxd5+ Kg7 31. Qxc2 Ne2+ 32. Kf1 Nxd4 33. Qd3
Qxd7 34. Qxd4 Qxd5 35. Qxd5 Rxd5 36. Ke2 g4 37. Be3 Ra5 38. Bc1 Rh5 39. Kd3
Rxh2 40. Be3 a6 41. Ke4 Rh5 42. Kf4 Ra5 43. Bc1 h5 44. f3 Ra4+ 45. Ke3 Kg6 46.
fxg4 hxg4 0-1

[Event "Oban Open"]
[Site "?"]
[Date "2013.11.16"]
[Round "2"]
[White "Bamber, Elaine"]
[Black "Mannion, Stephen"]
[Result "0-1"]
[WhiteElo "2064"]
[BlackElo "2370"]
[PlyCount "102"]
[EventDate "2013.11.19"]

1. e4 e5 2. Nf3 Nc6 3. d4 exd4 4. Nxd4 Nf6 5. Nc3 Bb4 6. Nxc6 bxc6 7. Bd3 d5 8.
exd5 cxd5 9. Bb5+ Bd7 10. Qe2+ Qe7 11. Qxe7+ Kxe7 12. Bxd7 Kxd7 13. O-O Rhe8
14. Rd1 Bxc3 15. bxc3 Re4 16. Be3 Kc6 17. Rab1 a5 18. Rd4 Rae8 19. a4 Rxd4 20.
cxd4 Nd7 21. Rb5 Rb8 22. Rxb8 Nxb8 23. Kf1 Nd7 24. Ke2 Kb7 25. Bd2 Ka6 26. Bf4
Kb7 27. Bd2 Ka6 28. Bf4 Nb6 29. Bxc7 Nxa4 30. Kd3 Kb5 31. f3 Nb2+ 32. Kc3 Nc4
33. Bf4 Ka4 34. Bc1 Nd6 35. Kd3 Kb4 36. Bd2+ Kb5 37. Bf4 Nf5 38. g3 a4 39. Bc1
Kb4 40. Bd2+ Ka3 41. c4 Kb3 42. c5 Ne7 43. Bc3 Nc6 44. g4 g5 45. Bd2 a3 46. Bc3
f6 47. h3 h6 48. Ba1 Ka2 49. Bc3 Kb1 50. f4 a2 51. fxg5 fxg5 0-1

[Event "Oban Open"]
[Site "?"]
[Date "2013.11.16"]
[Round "2"]
[White "Swan, Iain"]
[Black "Gillies, Alex"]
[Result "1-0"]
[WhiteElo "2145"]
[BlackElo "1904"]
[PlyCount "80"]
[EventDate "2013.11.19"]

1. e4 d5 2. exd5 Qxd5 3. Nc3 Qa5 4. d4 Nf6 5. Bd2 c6 6. Bc4 Bf5 7. Nd5 Qd8 8.
Nxf6+ gxf6 9. c3 e6 10. Ne2 Nd7 11. Ng3 Nb6 12. Bb3 Bd3 13. Qh5 Nc4 14. O-O-O
Bg6 15. Qh3 Ne5 16. Bc2 Bxc2 17. Kxc2 Nc4 18. Rhe1 Qd5 19. Ne4 Be7 20. Bc1
O-O-O 21. b3 Nd6 22. Nxd6+ Bxd6 23. f3 Qa5 24. Kb2 Rdg8 25. f4 Qd5 26. g3 h5
27. c4 Qa5 28. c5 Bc7 29. f5 e5 30. Bd2 Qb5 31. Bc3 Rd8 32. a4 Qa6 33. dxe5
Bxe5 34. Qf1 Bxc3+ 35. Kxc3 Qa5+ 36. b4 Qc7 37. Qe2 a5 38. Rxd8+ Rxd8 39. Qe7
axb4+ 40. Kxb4 Rd4+ 1-0

[Event "Oban Open"]
[Site "?"]
[Date "2013.11.16"]
[Round "2"]
[White "Edwards, Jonathan"]
[Black "Grant, Alan"]
[Result "1-0"]
[WhiteElo "1994"]
[BlackElo "2122"]
[PlyCount "57"]

1. e4 d6 2. d4 Nf6 3. f3 d5 4. e5 Ng8 5. Bd3 c5 6. c3 Nc6 7. Ne2 e6 8. f4 Qb6
9. a3 Bd7 10. b4 c4 11. Bc2 f5 12. exf6 gxf6 13. Nd2 Bd6 14. Nf3 Nge7 15. a4 a5
16. b5 Nd8 17. Ng3 Nf7 18. Nh5 Ng8 19. Ng7+ Kf8 20. Nh5 Ke7 21. O-O Kd8 22. Kh1
Kc7 23. Qe1 f5 24. Ng7 Bf8 25. Ne5 Ngh6 26. Nh5 Bd6 27. Nxd7 Kxd7 28. Nf6+ Kc7
29. Qxe6 1-0

[Event "Oban Open"]
[Site "?"]
[Date "2013.11.16"]
[Round "2"]
[White "Jelfs, Alan"]
[Black "Oswald, David"]
[Result "0-1"]
[WhiteElo "1922"]
[BlackElo "2148"]
[PlyCount "106"]

1. d4 d5 2. c4 e6 3. Nc3 c6 4. e4 dxe4 5. f3 exf3 6. Nxf3 Nf6 7. Bd3 Be7 8. Bg5
h6 9. Bh4 O-O 10. Qe2 c5 11. O-O-O Nc6 12. dxc5 Qa5 13. g4 Qxc5 14. g5 hxg5 15.
Bxg5 Ng4 16. Bxe7 Nxe7 17. Rhg1 Qe3+ 18. Qxe3 Nxe3 19. Rde1 N3f5 20. Rg2 Bd7
21. Ne5 Bc6 22. Nxc6 bxc6 23. Reg1 Rfd8 24. Be4 Rd4 25. Rg4 Rad8 26. h4 Kf8 27.
b3 Rd2 28. h5 Rh2 29. Rg5 f6 30. R5g2 Rxh5 31. b4 Kf7 32. b5 cxb5 33. c5 Rc8
34. c6 g5 35. Rd2 Rh4 36. Rd7 b4 37. Bxf5 bxc3 38. Bxe6+ Kxe6 39. Re1+ Kf5 40.
Rdxe7 Rxc6 41. Rxa7 c2 42. Rb7 Ra4 43. Rb2 g4 44. Re2 Rac4 45. Rb3 Kg5 46. Re8
Rd4 47. Rb5+ f5 48. Re1 g3 49. Rb3 Kg4 50. Rg1 f4 51. a3 Rd1+ 52. Rxd1 cxd1=Q+
53. Kxd1 g2 0-1

[Event "Oban Open"]
[Site "?"]
[Date "2013.11.16"]
[Round "3"]
[White "Mannion, Stephen"]
[Black "Swan, Iain"]
[Result "1/2-1/2"]
[WhiteElo "2370"]
[BlackElo "2145"]
[PlyCount "94"]

1. e4 e6 2. d4 d5 3. Nd2 c5 4. exd5 Qxd5 5. dxc5 Bxc5 6. Ngf3 Nf6 7. Bc4 Qd6 8.
O-O Nc6 9. Qe2 Bd7 10. Nb3 Bb6 11. Bg5 h6 12. Rad1 Qc7 13. Bd2 Rd8 14. Bc3 Qf4
15. Rde1 O-O 16. Ne5 Nxe5 17. Bxe5 Qg4 18. h3 Qxe2 19. Rxe2 Bc6 20. Rfe1 Rd7
21. c3 a6 22. Bd4 Bxd4 23. Nxd4 Bd5 24. Bxd5 Rxd5 25. f4 h5 26. Kf2 Rc8 27. Kf3
b5 28. a3 a5 29. Nc2 Rd3+ 30. Re3 Rd2 31. R1e2 Rcd8 32. Nd4 Rxe2 33. Rxe2 b4
34. Nc6 Rd6 35. Nxa5 bxa3 36. bxa3 Ra6 37. Nc4 Ra4 38. Ne3 Rxa3 39. c4 Rc3 40.
g4 hxg4+ 41. hxg4 Kf8 42. g5 Nh5 43. Rc2 Rxc2 44. Nxc2 Ke7 45. c5 f6 46. Kg4 g6
47. Nd4 e5 1/2-1/2

[Event "Oban Open"]
[Site "?"]
[Date "2013.11.16"]
[Round "3"]
[White "Thomson, Neil"]
[Black "Murdochy, Shivan"]
[Result "1/2-1/2"]
[WhiteElo "1836"]
[BlackElo "1986"]
[PlyCount "42"]

1. e4 e6 2. d4 d5 3. Nd2 c5 4. Ngf3 Nf6 5. exd5 exd5 6. Bb5+ Bd7 7. Qe2+ Qe7 8.
Bxd7+ Nbxd7 9. Qxe7+ Bxe7 10. dxc5 Nxc5 11. Nb3 O-O-O 12. Be3 b6 13. Ne5 Rhf8
14. Nc6 Rd7 15. Nxe7+ Rxe7 16. O-O Ne6 17. f3 Kb7 18. a4 Rc8 19. c3 Nc5 20.
Nxc5+ bxc5 21. Rfe1 c4 1/2-1/2

[Event "Oban Open"]
[Site "?"]
[Date "2013.11.16"]
[Round "3"]
[White "Ridge, Michael"]
[Black "Robertson, Ian"]
[Result "0-1"]
[WhiteElo "1900"]
[BlackElo "2149"]
[PlyCount "106"]

1. e4 e6 2. b3 d5 3. Bb2 Nf6 4. e5 Nfd7 5. Qg4 Nc6 6. f4 Nb4 7. Na3 Nc5 8. Nf3
c6 9. Be2 Qb6 10. Bd4 Qa5 11. Bxc5 Qxc5 12. c3 Qa5 13. cxb4 Qxa3 14. b5 Qc5 15.
b4 Qxb4 16. O-O Qe4 17. Rae1 Qg6 18. Qh3 Be7 19. bxc6 bxc6 20. Kh1 O-O 21. Nd4
Bd7 22. Rf3 Qe4 23. Nc2 h6 24. Bd3 Qa4 25. Qg4 f5 26. exf6 Rxf6 27. Rg3 Bf8 28.
Rf1 c5 29. Ne3 Rd8 30. f5 Bb5 31. Qxa4 Bxa4 32. Ng4 Be7 33. Nxf6+ Bxf6 34. fxe6
Kf8 35. Bg6 Bb5 36. Rb1 a6 37. a4 Bxa4 38. Rb7 Be8 39. Bf7 c4 40. Rf3 Bxf7 41.
Rxf7+ Ke8 42. Rb7 d4 43. g3 Rd6 44. e7 Bxe7 45. Rc7 c3 46. dxc3 d3 47. Re3 d2
48. Rcxe7+ Kd8 49. Re8+ Kd7 50. R3e7+ Kc6 51. Rc8+ Kd5 52. c4+ Kd4 53. Rce8
d1=Q+ 0-1

[Event "Oban Open"]
[Site "?"]
[Date "2013.11.17"]
[Round "4"]
[White "Edwards, Jonathan"]
[Black "Mannion, Stephen"]
[Result "0-1"]
[WhiteElo "1994"]
[BlackElo "2370"]
[PlyCount "62"]

1. e4 e5 2. Nf3 Nc6 3. Bc4 Bc5 4. c3 Nf6 5. d4 exd4 6. cxd4 Bb4+ 7. Nc3 Nxe4 8.
O-O Bxc3 9. d5 Bf6 10. Re1 Ne7 11. Rxe4 d6 12. Bg5 Bxg5 13. Nxg5 h6 14. Nxf7
Kxf7 15. Qf3+ Nf5 16. Re6 g6 17. g4 Bxe6 18. dxe6+ Kg7 19. gxf5 Qg5+ 20. Kh1
Qxf5 21. Qxb7 h5 22. Rg1 Kh6 23. Rg3 Rab8 24. Qc6 Rb6 25. Qxc7 h4 26. Re3 Qxf2
27. Rb3 Rxb3 28. axb3 Qf3+ 29. Kg1 h3 30. Bf1 Qe3+ 31. Kh1 Rf8 0-1

[Event "Oban Open"]
[Site "?"]
[Date "2013.11.17"]
[Round "4"]
[White "Swan, Iain"]
[Black "Oswald, David"]
[Result "1/2-1/2"]
[WhiteElo "2145"]
[BlackElo "2148"]
[PlyCount "39"]

1. e4 c5 2. Nf3 d6 3. d4 cxd4 4. Nxd4 Nf6 5. Nc3 g6 6. f4 Nbd7 7. Nf3 Bg7 8. e5
dxe5 9. fxe5 Ng4 10. e6 fxe6 11. Bc4 Nde5 12. Qxd8+ Kxd8 13. Nxe5 Nxe5 14. Bb3
Nc6 15. Be3 Bxc3+ 16. bxc3 e5 17. O-O-O+ Kc7 18. Bh6 Bf5 19. Rhe1 Rhd8 20. Bd5
1/2-1/2

[Event "Oban Open"]
[Site "?"]
[Date "2013.11.17"]
[Round "4"]
[White "Robertson, Ian"]
[Black "Murdochy, Shivan"]
[Result "1-0"]
[WhiteElo "2149"]
[BlackElo "1986"]
[PlyCount "87"]

1. d4 Nf6 2. Nf3 e6 3. Nbd2 c5 4. e3 b6 5. c3 Bb7 6. Bd3 d5 7. Ne5 Bd6 8. f4
Nbd7 9. O-O Qe7 10. Rf3 O-O 11. Rh3 Rfd8 12. Nxd7 Qxd7 13. Bxh7+ Kf8 14. Bd3
Ke7 15. Nf3 Rh8 16. Rxh8 Rxh8 17. Bd2 Ne4 18. Qc2 Qc7 19. Rc1 f6 20. Be1 g5 21.
g3 gxf4 22. exf4 Kd8 23. c4 Qg7 24. cxd5 exd5 25. Rd1 c4 26. Bxe4 dxe4 27. Nd2
Bxf4 28. Nxc4 e3 29. Qf5 Qh6 30. h4 Bc7 31. d5 e2 32. Rd3 b5 33. d6 bxc4 34.
dxc7+ Kxc7 35. Rd7+ Kb8 36. Qe6 Qf8 37. Qxc4 Qc8 38. Qxc8+ Rxc8 39. Kf2 Re8 40.
Rd2 Bc8 41. Rxe2 Rxe2+ 42. Kxe2 Bg4+ 43. Ke3 f5 44. Kf4 1-0

[Event "Oban Open"]
[Site "?"]
[Date "2013.11.17"]
[Round "4"]
[White "Bamber, Elaine"]
[Black "Thomson, Neil"]
[Result "1-0"]
[WhiteElo "2064"]
[BlackElo "1836"]
[PlyCount "69"]

1. e4 g6 2. Nc3 Bg7 3. f4 d6 4. Nf3 a6 5. Bc4 b5 6. Bd5 c6 7. Bb3 Nf6 8. O-O b4
9. e5 bxc3 10. exf6 cxb2 11. Bxb2 Bxf6 12. Bxf6 exf6 13. Re1+ Kf8 14. Re3 Kg7
15. Qe2 Rf8 16. Re1 Nd7 17. Nd4 Qb6 18. Nf5+ Kg8 19. Nxd6 Ra7 20. Bxf7+ Kg7 21.
Kf1 Qd4 22. Nxc8 Rxc8 23. Re4 Qd6 24. Bc4 Nc5 25. Re7+ Rxe7 26. Qxe7+ Qxe7 27.
Rxe7+ Kh6 28. g3 Rb8 29. d4 Na4 30. Bb3 Nc3 31. Rc7 Rb6 32. Bg8 Kh5 33. Rxh7+
Kg4 34. Kg2 Kf5 35. Kf3 1-0

[Event "Oban Open"]
[Site "?"]
[Date "2013.11.17"]
[Round "5"]
[White "Mannion, Stephen"]
[Black "Robertson, Ian"]
[Result "1/2-1/2"]
[WhiteElo "2370"]
[BlackElo "2149"]
[PlyCount "63"]

1. e4 e6 2. d4 d5 3. Nd2 a6 4. Ngf3 Nf6 5. Bd3 Nc6 6. c3 Be7 7. O-O O-O 8. Re1
Re8 9. Qe2 Bf8 10. e5 Nd7 11. Nf1 f6 12. exf6 Nxf6 13. Ng3 g6 14. Bg5 Qe7 15.
Ne5 Qg7 16. h3 Nd7 17. Ng4 Qf7 18. f4 Bg7 19. Ne5 Qf8 20. Rf1 Nd8 21. b4 b6 22.
Rae1 Nf6 23. a3 c5 24. Qb2 Nf7 25. Nxf7 Kxf7 26. Nh1 Qd6 27. Nf2 Nh5 28. Ng4
cxd4 29. cxd4 Ng3 30. Ne5+ Kg8 31. Rf3 Ne4 32. Bh4 1/2-1/2

[Event "Oban Open"]
[Site "?"]
[Date "2013.11.17"]
[Round "5"]
[White "Oswald, David"]
[Black "Bamber, Elaine"]
[Result "0-1"]
[WhiteElo "2148"]
[BlackElo "2064"]
[PlyCount "114"]

1. e4 e5 2. f4 exf4 3. Nf3 g5 4. Nc3 Bg7 5. g3 g4 6. Nh4 d5 7. Nxd5 Nf6 8. Nxf4
Nxe4 9. Bg2 Qe7 10. Qe2 Nf6 11. Qxe7+ Kxe7 12. O-O Rd8 13. d3 Nc6 14. Be3 Kf8
15. Rae1 Kg8 16. Bc5 Nd7 17. Ba3 Nd4 18. Nh5 Nxc2 19. Re7 Bd4+ 20. Kh1 Ne5 21.
Bd5 Nxa3 22. Bxf7+ Nxf7 23. Rfxf7 Rf8 24. Rg7+ Bxg7 25. Rxg7+ Kh8 26. bxa3 Be6
27. Rxc7 Rac8 28. Rxc8 Rxc8 29. Nf4 Bxa2 30. Nf5 Bb1 31. Nh6 Rc1+ 32. Kg2 Rc2+
33. Kg1 Kg7 34. Nxg4 Ra2 35. d4 Rxa3 36. Kf2 Bf5 37. Ne3 Be4 38. g4 Ra2+ 39.
Kg3 Ra3 40. Nh5+ Kf7 41. Kf4 Bg6 42. Ng3 Rd3 43. d5 a5 44. h4 Ke7 45. h5 Bf7
46. Ngf5+ Kd7 47. Nc4 Rxd5 48. Nb6+ Kc6 49. Nxd5 Kxd5 50. Nh6 a4 51. Nxf7 a3
52. g5 a2 53. g6 hxg6 54. h6 a1=Q 55. h7 Qf1+ 56. Kg3 Qg1+ 57. Kf4 Qh2+ 0-1

[Event "Oban Open"]
[Site "?"]
[Date "2013.11.17"]
[Round "5"]
[White "Grant, Alan"]
[Black "Swan, Iain"]
[Result "1/2-1/2"]
[WhiteElo "2122"]
[BlackElo "2145"]
[PlyCount "41"]

1. c4 c5 2. g3 Nf6 3. Bg2 d5 4. Nf3 Nc6 5. O-O e5 6. d3 Be7 7. cxd5 Nxd5 8.
Nbd2 O-O 9. Nc4 f6 10. a3 Be6 11. Bd2 Rc8 12. Qb1 b5 13. Ne3 Nd4 14. Nxd4 cxd4
15. Nxd5 Bxd5 16. b4 Bxg2 17. Kxg2 Qd5+ 18. Kg1 Rc6 19. Qa2 Qxa2 20. Rxa2 Rfc8
21. Raa1 1/2-1/2

[Event "Oban Open"]
[Site "?"]
[Date "2013.11.17"]
[Round "5"]
[White "Birkett, Richard"]
[Black "Edwards, Jonathan"]
[Result "0-1"]
[WhiteElo "2006"]
[BlackElo "1994"]
[PlyCount "88"]

1. d4 Nf6 2. Nf3 g6 3. Nc3 d5 4. Bf4 Bg7 5. e3 O-O 6. Be2 c6 7. Ne5 Nfd7 8. h4
Nxe5 9. dxe5 Nd7 10. e6 fxe6 11. h5 e5 12. Bg3 Qa5 13. hxg6 hxg6 14. O-O e4 15.
Bg4 Nf6 16. Bxc8 Raxc8 17. Ne2 Nh5 18. Bh2 Qd8 19. g4 Nf6 20. Nf4 Kf7 21. g5
Ne8 22. Qg4 Nc7 23. f3 e5 24. Nh3 exf3 25. Rxf3+ Kg8 26. Rxf8+ Qxf8 27. Rf1 Qe8
28. Nf2 Qe6 29. Qb4 b6 30. Nd3 Rf8 31. Rxf8+ Bxf8 32. Qa4 e4 33. Nf2 Nb5 34. c3
Be7 35. Bf4 a5 36. Kg2 Bd8 37. Qd1 Nd6 38. Bxd6 Qxd6 39. Nxe4 Qe5 40. Nf6+ Kf7
41. Qg4 Bxf6 42. gxf6 Qe4+ 43. Qxe4 dxe4 44. Kg3 g5 0-1

[Event "Oban Major"]
[Site "?"]
[Date "2013.11.16"]
[Round "2"]
[White "Bate, Simon"]
[Black "Congalton, David"]
[Result "0-1"]
[WhiteElo "1552"]
[BlackElo "1400"]
[PlyCount "78"]

1. d4 g6 2. e4 d6 3. Nc3 Nf6 4. Be2 Bg7 5. Bf4 O-O 6. Qd2 Nbd7 7. Nf3 c5 8.
O-O-O a6 9. e5 dxe5 10. dxe5 Ne8 11. e6 fxe6 12. Ng5 Qb6 13. Bc4 Ne5 14. Bxe5
Bxe5 15. g3 Bd4 16. f4 Kh8 17. Rhe1 e5 18. Nf7+ Kg7 19. Nxe5 Nd6 20. Bb3 a5 21.
Nd5 Qd8 22. Nc4 Bf6 23. Nxf6 Rxf6 24. Qc3 b6 25. Ne5 Qc7 26. Nc6 Nf5 27. g4
Qxf4+ 28. Kb1 Qxg4 29. Nxe7 Nxe7 30. Rxe7+ Kh6 31. Qd2+ g5 32. Bg8 Bf5 33. Bd5
Rd8 34. Qe1 Rfd6 35. Re5 Be6 36. c4 Bf5+ 37. Ka1 Re6 38. Rd2 Rxe5 39. Qxe5 Qg1+
0-1

[Event "Oban Major"]
[Site "?"]
[Date "2013.11.16"]
[Round "3"]
[White "Kerridge, Simon"]
[Black "Rutherford, Kathleen"]
[Result "1-0"]
[WhiteElo "1473"]
[BlackElo "1372"]
[PlyCount "91"]

1. f4 d5 2. Nf3 Nf6 3. g3 Bf5 4. Bg2 c5 5. d3 Nc6 6. h3 e6 7. O-O Qc7 8. Qe1
Bd6 9. c3 O-O-O 10. Nh4 h6 11. Nxf5 exf5 12. Na3 a6 13. Qf2 h5 14. c4 Ne7 15.
cxd5 Nfxd5 16. e4 Nb4 17. e5 Nxd3 18. exd6 Rxd6 19. Qf3 Nc6 20. Nc4 Rd4 21. Ne3
g6 22. a3 h4 23. Rd1 hxg3 24. Nd5 Rxd5 25. Rxd3 Rxd3 26. Qxd3 Nd4 27. Be3 Rd8
28. Qf1 Nc2 29. Rc1 Nxe3 30. Qf3 Nxg2 31. Kxg2 Rd2+ 32. Kxg3 Qd6 33. Rc3 Rxb2
34. Qe3 Rb5 35. Rd3 Qc6 36. Qe7 Kb8 37. Rd6 Rb3+ 38. Kh4 Qa4 39. Kg5 Qxa3 40.
Kf6 Qb2+ 41. Kxf7 Rxh3 42. Rd8+ Ka7 43. Qxc5+ Qb6 44. Ra8+ Kxa8 45. Qxb6 Rg3
46. Kf6 1-0

[Event "Oban Major"]
[Site "?"]
[Date "2013.11.17"]
[Round "4"]
[White "Alomenu, Gilbert"]
[Black "Kerridge, Simon"]
[Result "0-1"]
[WhiteElo "1208"]
[BlackElo "1473"]
[PlyCount "122"]

1. d4 f5 2. e4 fxe4 3. Nc3 Nf6 4. Bg5 c6 5. Bxf6 exf6 6. Qh5+ g6 7. Qe2 d5 8.
f3 f5 9. fxe4 fxe4 10. Nf3 Bh6 11. Ne5 Bf5 12. h4 Nd7 13. g4 Nxe5 14. dxe5 Be6
15. g5 Bg7 16. O-O-O Bxe5 17. Nxe4 Qe7 18. Nf6+ Bxf6 19. gxf6 Qf7 20. Bh3 Kd7
21. Bxe6+ Qxe6 22. Qxe6+ Kxe6 23. Rhf1 Kf7 24. Rd4 Rhe8 25. Rd3 Re6 26. Rb3 b6
27. Rc3 Rae8 28. b3 Re1+ 29. Rxe1 Rxe1+ 30. Kd2 Re6 31. b4 Kxf6 32. Ra3 Re7 33.
Rf3+ Kg7 34. Rc3 Rc7 35. a4 a6 36. Rd3 Re7 37. b5 axb5 38. axb5 c5 39. Rxd5 Re4
40. Rd7+ Kh6 41. Rb7 Rxh4 42. Rxb6 Rb4 43. Rb8 Kg5 44. b6 h5 45. b7 h4 46. Rc8
Rxb7 47. Rxc5+ Kf6 48. Rc6+ Kf7 49. Rc3 Rb6 50. Rf3+ Rf6 51. Rh3 Rf4 52. Ke3 g5
53. c3 Ke6 54. Rh1 Ke5 55. Kd3 Kd5 56. Rg1 g4 57. Ke3 Ke5 58. Rh1 g3 59. Ra1 g2
60. Ra5+ Kf6 61. Kxf4 g1=Q 0-1

[Event "Oban Major"]
[Site "?"]
[Date "2013.11.17"]
[Round "4"]
[White "Russell, Graeme"]
[Black "Dowling, Richard"]
[Result "1-0"]
[WhiteElo "1490"]
[BlackElo "1465"]
[PlyCount "31"]

1. e4 e6 2. d4 d5 3. Nd2 Nf6 4. exd5 exd5 5. Ngf3 Be7 6. Bd3 Bg4 7. h3 Bh5 8.
Nb3 Ne4 9. g4 Bg6 10. Ne5 Bh4 11. Be3 Qf6 12. Qe2 Nc6 13. Nxg6 fxg6 14. a3 Rf8
15. O-O-O Nxf2 16. Bg5+ 1-0

[Event "Oban Major"]
[Site "?"]
[Date "2013.11.17"]
[Round "5"]
[White "Kerridge, Simon"]
[Black "Russell, Graeme"]
[Result "1/2-1/2"]
[WhiteElo "1473"]
[BlackElo "1490"]
[PlyCount "97"]

1. f4 d5 2. Nf3 Nf6 3. g3 g6 4. c3 Bg7 5. Bg2 O-O 6. O-O c5 7. d3 Nc6 8. Na3 a6
9. Nh4 e6 10. e4 Qc7 11. e5 Nd7 12. d4 b5 13. Be3 cxd4 14. cxd4 Bb7 15. Qd2 f5
16. Rfc1 Rfc8 17. Nf3 Qa5 18. Qxa5 Nxa5 19. b3 Bf8 20. Bd2 Nc6 21. Nc2 Be7 22.
Bf1 Rc7 23. Ng5 Nf8 24. Nb4 Rac8 25. Nxc6 Rxc6 26. Rxc6 Rxc6 27. Rc1 Ba3 28.
Rxc6 Bxc6 29. Kf2 h6 30. Nf3 Nd7 31. Ke3 Nb8 32. Kd3 Bd7 33. Ne1 Nc6 34. Nc2
Be7 35. b4 Bd8 36. Kc3 Kf7 37. h4 Be7 38. Be2 Ke8 39. a3 Kd8 40. Kd3 Kc7 41. h5
Be8 42. hxg6 Bxg6 43. Ke3 Kb6 44. Kd3 Be8 45. Kc3 Nd8 46. Kd3 Nf7 47. g4 Nh8
48. gxf5 exf5 49. Ne3 1/2-1/2

[Event "Oban Major"]
[Site "?"]
[Date "2013.11.17"]
[Round "5"]
[White "Clinton, William"]
[Black "Bate, Simon"]
[Result "1-0"]
[WhiteElo "1544"]
[BlackElo "1552"]
[PlyCount "61"]

1. e4 d6 2. d4 Nf6 3. Nc3 g6 4. Be3 Bg7 5. f3 a6 6. Bd3 Nc6 7. a3 b5 8. Nge2 e5
9. d5 Ne7 10. O-O c6 11. dxc6 Nxc6 12. f4 Ng4 13. Bc1 exf4 14. Bxf4 Nge5 15.
Bg3 h5 16. Nf4 Ng4 17. Qd2 Bd4+ 18. Kh1 h4 19. Be1 Be3 20. Qd1 Qg5 21. Nfd5 Qe5
22. Nf6+ Nxf6 23. Be2 Be6 24. Rxf6 Qxf6 25. Qxd6 Qd8 26. Qxc6+ Bd7 27. Qd6 Qe7
28. Qxe7+ Kxe7 29. Nd5+ Kd6 30. Nxe3 Ke5 31. Bc3+ 1-0

[Event "Oban Minor"]
[Site "?"]
[Date "2013.11.16"]
[Round "2"]
[White "MacMillan, Malcolm"]
[Black "Grant, Norman"]
[Result "0-1"]
[WhiteElo "1146"]
[BlackElo "1287"]
[PlyCount "92"]

1. d4 d5 2. c4 dxc4 3. Nc3 Nc6 4. e3 a6 5. Bxc4 b5 6. Bxf7+ Kxf7 7. Qf3+ Nf6 8.
Qxc6 Bd7 9. Qf3 Bg4 10. Qf4 h6 11. h4 g5 12. hxg5 hxg5 13. Qxg4 Rxh1 14. Qxg5
Rxg1+ 15. Ke2 Qd7 16. f3 Bg7 17. Rb1 Rg8 18. Kf2 Rh1 19. Qc5 Qd6 20. Bd2 Qxc5
21. dxc5 Rxb1 22. Nxb1 Rd8 23. Ba5 Rd1 24. Nc3 Rd2+ 25. Kg3 Rxb2 26. Bxc7 Rc2
27. Be5 Nh5+ 28. Kg4 Bxe5 29. Ne4 Nf6+ 30. Kf5 Nxe4 31. Kxe5 Nf6 32. Kd4 Rxa2
33. c6 Rc2 34. g4 Rxc6 35. f4 Nxg4 36. Kd5 Rc7 37. e4 b4 38. e5 b3 39. Ke4 b2
40. Kf5 Nxe5 41. Kxe5 b1=Q 42. f5 Qb5+ 43. Kf4 Kf6 44. Kg4 Rc4+ 45. Kh5 Qxf5+
46. Kh6 Rh4# 0-1

[Event "Oban Minor"]
[Site "?"]
[Date "2013.11.16"]
[Round "3"]
[White "Grant, Norman"]
[Black "McCulloch, Andrew"]
[Result "1/2-1/2"]
[WhiteElo "1287"]
[BlackElo "1104"]
[PlyCount "56"]

1. e4 e6 2. Nf3 d5 3. exd5 exd5 4. d4 Nf6 5. Bg5 Be7 6. Be2 O-O 7. O-O b6 8.
Nc3 Bb7 9. a3 Nbd7 10. Re1 a5 11. Bb5 c6 12. Ba4 b5 13. Bb3 Re8 14. Ne2 Ne4 15.
Bxe7 Rxe7 16. Nd2 Ndf6 17. f3 Nxd2 18. Qxd2 Qc7 19. c3 Rae8 20. Ng3 Rxe1+ 21.
Rxe1 Rxe1+ 22. Qxe1 Qd8 23. Bc2 g6 24. Qe2 Qe8 25. Qxe8+ Nxe8 26. Kf2 Nd6 27.
Bd3 Kg7 28. h3 Bc8 1/2-1/2

[Event "Oban Minor"]
[Site "?"]
[Date "2013.11.16"]
[Round "3"]
[White "Williams, Hutch"]
[Black "Boyle, Daniel"]
[Result "0-1"]
[WhiteElo "1112"]
[BlackElo "1216"]
[PlyCount "64"]

1. d4 d5 2. c4 c6 3. Nc3 Bf5 4. Nf3 h6 5. e3 Nf6 6. cxd5 cxd5 7. Be2 e6 8. a3
Nbd7 9. b4 Be7 10. O-O O-O 11. Bb2 a6 12. Rc1 Rc8 13. Re1 Bd6 14. Nd2 b5 15. f3
Qc7 16. f4 Qd8 17. Nf3 Ne4 18. Ne5 Nxc3 19. Rxc3 Rxc3 20. Bxc3 Nxe5 21. dxe5
Be7 22. Rf1 Qb6 23. Bd4 Qb7 24. h3 Bh4 25. Kh2 Rc8 26. g3 Bd8 27. Bd3 Bxd3 28.
Qxd3 Rc4 29. g4 Qc6 30. Kg3 Bb6 31. f5 Bxd4 32. exd4 Rc3 0-1

[Event "Oban Minor"]
[Site "?"]
[Date "2013.11.17"]
[Round "4"]
[White "Boyle, Daniel"]
[Black "Grant, Norman"]
[Result "0-1"]
[WhiteElo "1216"]
[BlackElo "1287"]
[PlyCount "130"]

1. c4 e5 2. Nc3 Nc6 3. g3 b6 4. Bg2 Bb7 5. e3 Nf6 6. Nge2 Bb4 7. O-O O-O 8. a3
Be7 9. b4 Rb8 10. Bb2 a5 11. b5 Na7 12. e4 d6 13. d3 c5 14. a4 Ne8 15. Rc1 Nc7
16. Rc2 Bg5 17. f4 Bf6 18. f5 Bg5 19. Nd5 Nxd5 20. cxd5 Nc8 21. Bc1 Kh8 22. Rc4
Bxc1 23. Qxc1 Ne7 24. Bh3 Ng8 25. Qe1 Qg5 26. Qc1 Qh5 27. Kg2 Qxe2+ 28. Rf2 Qh5
29. Qf1 f6 30. Rf3 Bc8 31. Qf2 Bd7 32. g4 Qe8 33. Kf1 Nh6 34. Qh4 Nf7 35. Rc2
Ng5 36. Rg3 Kg8 37. Ke1 Kf7 38. Qh5+ Ke7 39. Qxe8+ Rbxe8 40. Bf1 h6 41. h4 Nf7
42. Kd1 Rh8 43. Rh2 Reg8 44. Kc2 g6 45. Kc3 gxf5 46. exf5 Bxf5 47. Rhg2 Bd7 48.
Be2 Rg7 49. Bf3 Rhg8 50. g5 hxg5 51. Bh5 Nh6 52. hxg5 Rxg5 53. Rxg5 Rxg5 54.
Rh2 Nf5 55. Bd1 Nd4 56. Rh7+ Kd8 57. Rh8+ Kc7 58. Rf8 f5 59. Ra8 Bc8 60. Kc4 f4
61. Kc3 f3 62. Kd2 f2 63. Be2 Nxe2 64. Kxe2 Rf5 65. Kf1 Rf3 0-1